| 000 | 01010nmm a2200277 a 4500 | ||
|---|---|---|---|
| 001 | ocm000780075 | ||
| 003 | TR-IsHL | ||
| 005 | 20201028143314.0 | ||
| 008 | 140323s2013 tu tur | ||
| 007 | cr cn | ||
| 020 | _a9789756582732 | ||
| 035 |
_a780075 _b(N$T) |
||
| 050 | 0 | 4 |
_aNK1011 _b.İ76 2013 |
| 090 | 0 | 4 |
_aNK1011 _b.İ76 2013 |
| 245 | 1 | 0 |
_aİsmek el sanatları albümü 2013 = _bISMEK handicrafts albüm 2013 _h[electronic resource] |
| 260 |
_aİstanbul : _bİstanbul Büyük Şehir Belediyesi - Sanat ve Meslek Eğitimi Kursları (İSMEK) Yayınları, _c2013 |
||
| 300 | _a306 p. | ||
| 650 | 4 | _aGüzel Sanatlar | |
| 650 | 4 | _aFine Arts | |
| 650 | 0 |
_aEl sanatları _x Türkiye _x Sergiler |
|
| 650 | 0 |
_aHandicraft _x Turkey _x Exhibitions |
|
| 650 | 0 |
_aDekorasyon ve süsleme _x Türkiye |
|
| 650 | 0 |
_aDecoration and ornament _x Turkey |
|
| 650 | 7 |
_aART / Middle Eastern _2bisacsh |
|
| 856 | 4 | 0 | _uhttp://search.ebscohost.com/login.aspx?direct=true&scope=site&db=e011xww&AN=780075 |
| 999 |
_c8826 _d8826 |
||